A framework for analog circuit synthesis based on formal language representation / (Rekord nr 7421)
| 000 -ETYKIETA REKORDU | |
|---|---|
| podpole kontrolne o stałej długości | 01337naa a22002177a 4500 |
| 003 - IDENTYFIKATOR NUMERU KONTROLNEGO REKORDU | |
| podpole kontrolne | BPK |
| 005 - DATA OSTATNIEJ MODYFIKACJI REKORDU | |
| podpole kontrolne | 20180209143553.0 |
| 008 - POLE O STAŁEJ DŁUGOŚCI - DANE KONTROLNE | |
| podpole kontrolne o stałej długości | 160302b1993 pl ||||| |||| 10| 0 eng |
| 040 ## - ŹRÓDŁO KATALOGOWANIA | |
| Instytucja, która utworzyła rekord | BPK |
| 041 ## - KOD JĘZYKA | |
| Kod języka tekstu | eng |
| 044 ## - KOD KRAJU WYDAWCY/PRODUCENTA | |
| Kod kraju wydawcy/producenta | POL |
| 100 ## - NAZWA OSOBOWA | |
| Nazwa osobowa | WAWRYN, Krzysztof. |
| Lata pracy | 1980 - 1996. |
| Instytucja | Wyższa Szkoła Inżynierska w Koszalinie - Wydział Mechaniczny, |
| Wydział | Zakład Elektrotechniki i Elektrochemii |
| 245 ## - TYTUŁ/ODPOWIEDZIALNOŚĆ | |
| Tytuł | A framework for analog circuit synthesis based on formal language representation / |
| Pozostałe elementy strefy tytułu i oznaczenia odpowiedzialności | Krzysztof Wawryn. |
| 260 ## - STREFA ADRESU WYDAWNICZEGO | |
| Data publikacji, dystrybucji/powstania dokumentu | 1993. |
| 500 ## - UWAGI OGÓLNE | |
| Tekst uwagi | Dane z autopsji. |
| 520 ## - UWAGA DOTYCZĄCA TREŚCI DOKUMENTU | |
| Analiza dokumentacyjna, adnotacja itp. | This paper deals with a novel analog circuit synthesis method using artificial intelligence (AI). Synthesis is organized as a language sentence transformation to decompose input specifications into an appriopriate circuit structure. A synthesis program has been implemented on an IBM PC AT computer and an active C filter example is presented demonstrating the use of the program. |
| 655 #0 - TERMIN INDEKSOWY - OKREŚLENIE RODZAJU/FORMY DOKUMENTU | |
| Określnie rodzaju/formy dokumentu | Materiały konferencyjne. |
| 773 ## - TYTUŁ DOKUMENTU MACIERZYSTEGO | |
| Wyrażenie wprowadzające | W : |
| Tytuł | Proceedings of the XVI-th National Conference Circuit Theory and Electronic Circuits. Vol. 2 of 2. - |
| Adres wydawniczy | Koszalin : Institute of Electronics Technical University, 1993. - |
| Informacje dotyczące relacji | s. 559-564 |
| 711 ## - HASŁO DODATKOWE - NAZWA IMPREZY | |
| Nazwa imprezy | National Conference on Circuit Theory and Electronic Circuits |
| Oznaczenie części/sekcji dzieła | (16 ; |
| Data imprezy | 1993 ; |
| Miejsce imprezy | Kołobrzeg, Polska). |
| 942 ## - HASŁO DODATKOWE - ELEMENTY(KOHA) | |
| Typ dokumentu | Artykuł |
| Schemat klasyfikacji | Uniwersalna klasyfikacja dziesiętna |
| Wycofany | Zagubiony | Uszkodzony | Dostępność | Lokalizacja stała | Lokalizacja bieżąca | Miejsce przechowywania | Sygnatura | Typ dokumentu |
|---|---|---|---|---|---|---|---|---|
| Tylko na miejscu | Bibliografia Prac Pracowników - BPK | Bibliografia Prac Pracowników - BPK | Czytelnia EL-BUD | 106748 | Artykuł |
